Investigation of the Relationship Between Renewable Energy, Tourism Receipts and Economic Growth in Europe

Prognostici dlhodobého vývoja uvádzajú, že "obnoviteľná energia zvyšuje ekonomický rast", "tržby z cestovného ruchu zvyšujú ekonomický rast", "kapitál zvyšuje ekonomický rast" a "pracovná sila zvyšuje ekonomický rast". V empirickej štúdii prítomná analýza výsledkov výskumu a implikácia niektorých st...

Full description

Saved in:
Bibliographic Details
Main Author: Işik, Cem
Other Authors: Radulescu, Magdalena
Format: Book Chapter
Language:English
Subjects:
Tags: Add Tag
No Tags, Be the first to tag this record!

MARC

LEADER 00000nla a2200000 4500
001 0242229
005 20240417075136.5
041 0 |a eng 
044 |a CZ 
245 1 0 |a Investigation of the Relationship Between Renewable Energy, Tourism Receipts and Economic Growth in Europe  |c Cem Işik, Magdalena Radulescu 
520 |a Prognostici dlhodobého vývoja uvádzajú, že "obnoviteľná energia zvyšuje ekonomický rast", "tržby z cestovného ruchu zvyšujú ekonomický rast", "kapitál zvyšuje ekonomický rast" a "pracovná sila zvyšuje ekonomický rast". V empirickej štúdii prítomná analýza výsledkov výskumu a implikácia niektorých stratégií. 
610 2 0 |a rast hospodársky 
610 2 0 |a zdroje energie obnoviteľné 
610 2 0 |a ruch cestovný 
610 2 0 |a tržby 
610 2 0 |a zisk 
610 2 0 |a sily pracovné 
610 2 0 |a Európska únia 
610 2 0 |a štúdie 
610 2 0 |a analýza empirická 
610 2 0 |a metódy ekonomicko-matematické 
100 1 |a Işik, Cem 
700 1 |a Radulescu, Magdalena